Wird geladen...
Cross-cultural differences in beliefs and practices that affect the language spoken to children: mothers with Indian and Western heritage
| 1. Verfasser: | |
|---|---|
| Format: | Printed Book |
| Veröffentlicht: |
INT. J. LANG. COMM. DIS. 2007, 1-21
2007
|
| Online Zugang: | http://10.26.1.76/ks/001052.pdf |
| LEADER | 004890000a22001210004500 | ||
|---|---|---|---|
| 100 | |a Noreen Simmons and Judith Johnston | ||
| 245 | |a Cross-cultural differences in beliefs and practices that affect the language spoken to children: mothers with Indian and Western heritage | ||
| 260 | |c 2007 | ||
| 260 | |b INT. J. LANG. COMM. DIS. 2007, 1-21 | ||
| 856 | |u http://10.26.1.76/ks/001052.pdf | ||
| 942 | |c KS | ||
| 999 | |c 70440 |d 70440 | ||
| 952 | |0 0 |1 0 |4 0 |7 0 |9 62404 |a MGUL |b MGUL |d 2015-08-01 |l 0 |r 2015-08-01 |w 2015-08-01 |y KS | ||